| 000 | 00405nam a2200145 a 4500 | ||
|---|---|---|---|
| 005 | 20140412111327.0 | ||
| 008 | 110128s19uu xx 00 eng d | ||
| 020 | _a0-792-45140-6 | ||
| 050 |
_aM 629.13 _bV264 1989 |
||
| 100 | _aVann, Frank | ||
| 245 |
_aHow they work Harrier Jump Jet : _bHarrier Jump Jet / _cFrank Vann. |
||
| 260 |
_aItaly : _bMallard press, _c1989. |
||
| 300 | _a46p. | ||
| 999 |
_c104698 _d104698 |
||